000
00274nam a22001337a 4500
008
210309b ||||| |||| 00| 0 eng d
041
_a
eng
080
_a
32
082
_a
32
100
_a
21
101
_a
SHP
245
_a
Of civil Government
_c
Locke,J
942
_2
udc
_c
BK
999
_c
56034
_d
56034